000
00292nam a2200109 4500
999
_c
10094
_d
10094
008
180801b ||||| |||| 00| 0 eng d
245
_a
Eat great & lose weight.
260
_a
Philippines
_b
The Philippine Star
_c
c2016
300
_a
page C-2.
650
0
_9
29804
_a
Weight loss.
942
_2
ddc
_c
PER